000 01038nam0a22002531 4500
001 v19\rc\2094486
005 20260406130511.0
035 _a(NLR Aleph) 005276931
090 _a6058036
_c6058036
100 _a20081218d1914 |||y0rusy50 ca
101 0 _arus
102 _aRU
105 _ay z |||||
200 1 _aКонспект лекций графа Ильи Львовича Толстого о своем отце Льве Николаевича Толстом "Мысли и воспоминания об отце"
210 _aХарьков
_cтип. М. Дрейшпуль
_d[1914]
215 _a[4] с.
700 1 _8rus
_7ca
_aТолстой
_bИ. Л.
_f1866-1933
_gИлья Львович
_3RU\NLR\AUTH\7779085
_962013
702 1 _4570
_8rus
_7ca
_aТолстой
_bЛ. Н.
_f1828-1910
_gЛев Николаевич
_3RU\NLR\AUTH\771515
_9111537
801 2 _aRU
_bNLR
_c20090805
_2rusmarc
801 0 _aRU
_bNLR
_c20081218
_gpsbo
801 1 _aRU
_bProSoft-M
_c20081218
_2rusmarc
852 _aNLR
_j37.54.1.512
942 _cBOOK
980 _aNB